| 000 | 00862nam a22002057a 4500 | ||
|---|---|---|---|
| 999 |
_c17707 _d17707 |
||
| 003 | AR-CdUCM | ||
| 008 | 190509b ||||| |||| 00| 0 spa d | ||
| 040 |
_aMUNICIPALIDAD PROVINCIAL DEL CUSCO _cBIBLIOTECA MUNICIPAL DEL CUSCO |
||
| 082 |
_a372.3 / _bS72 |
||
| 100 |
_aSousa Ferraz, Joao de _98920 |
||
| 245 | _aNociones de Psicología educacional / | ||
| 260 |
_aBuenos Aires : _bAmericalee, _c1958. |
||
| 300 |
_a267 paginas ; _c20 cm. |
||
| 505 | _aContenido :Psicología,campo y métodos de la psicología educacional --La investigación en el dominio de la psicología educacional --Las diferencias individuales y la escuela --Principios de educación de la educación a las diferencias individuales ... | ||
| 650 |
_aPsicología _91538 |
||
| 650 |
_aEducación _9460 |
||
| 650 |
_aDesarrollo _92021 |
||
| 942 |
_2ddc _cLIBROS |
||
| 945 |
_arjall _d2019-05-09 |
||